[Event "Cup Melbourne (open)"]
[Site "masterchessopen.com Melbourne (Australia)"]
[Date "2010.10.30"]
[Round "2"]
[White "Lester George E (AUS)"]
[Black "Solomon Stephen J (AUS)"]
[Result "0-1"]
[WhiteElo "1934"]
[BlackElo "2396"]

1.e4 c5 2.Nf3 d6 3.d4 cxd4 4.Nxd4 Nf6 5.Nc3 Nc6 6.Bg5 e6 7.Qd2 a6 8.O-O-O Bd7
9.f4 b5 10.Nxc6 Bxc6 11.Bd3 Qa5 12.Kb1 b4 13.Bxf6 gxf6 14.Ne2 Qb6 15.Rhf1 a5
16.Nc1 a4 17.Qf2 Qc5 18.Ne2 d5 19.Qd4 Rg8 20.g3 Rc8 21.Ba6 Rd8 22.e5 Qa5
23.Qd3 Ra8 24.Qxh7 Rg7 25.Qh5 Qxa6 26.exf6 Rg6 27.f5 Rh6 28.Qg4 e5 29.h4 a3
30.b3 Bb7 {#R} 0-1

[Event "Ch World (juniors) (under 18)"]
[Site "masterchessopen.com Porto Carras (Greece)"]
[Date "2010.10.30"]
[Round "11"]
[White "Mazur Stefan (SVK)"]
[Black "Nuri Kambez (SUI)"]
[Result "1-0"]
[WhiteElo "2402"]
[BlackElo "2280"]

1.e4 c5 2.Nf3 d6 3.d4 cxd4 4.Nxd4 Nf6 5.Nc3 Nc6 6.Bg5 e6 7.Qd2 a6 8.O-O-O Bd7
9.f3 Be7 10.h4 h6 11.Be3 h5 12.Bg5 Ne5 13.f4 Neg4 14.Qe1 Qc7 15.Bd3 b5 16.Qg3
Qb6 17.e5 Qxd4 18.exf6 gxf6 19.Be4 Qa7 20.Bxa8 Qxa8 21.f5 fxg5 22.hxg5 Bxg5+
23.Kb1 Be7 24.Nd5 exd5 25.Qxg4 hxg4 26.Rxh8+ Bf8 27.Re1+ Be6 28.fxe6 fxe6
29.Rf1 Ke7 30.Rh7+ Ke8 31.Rxf8+ {#r} 1-0

[Event "Asian Games (active) (w)"]
[Site "masterchessopen.com Guanzhou (China)"]
[Date "2010.11.14"]
[Round "3"]
[White "Sukandar Irine Kharisma (INA)"]
[Black "Hou Yifan (CHN)"]
[Result "0-1"]
[WhiteElo "2372"]
[BlackElo "2578"]

1.e4 c5 2.Nf3 d6 3.d4 cxd4 4.Nxd4 Nf6 5.Nc3 Nc6 6.Bg5 e6 7.Qd2 a6 8.O-O-O Bd7
9.f3 Be7 10.h4 b5 11.Nxc6 Bxc6 12.Ne2 h6 13.Be3 Bb7 14.Nd4 Nd7 15.g3 Rc8
16.Bh3 Bf6 17.Nb3 Ne5 18.Na5 Ba8 19.Bg2 Qc7 20.Kb1 b4 21.f4 Ng4 22.e5 Bxg2
23.exd6 Qd7 24.Rhe1 Bf3 25.Rc1 O-O {#R} 0-1

[Event "Ch Germany (juniors) (team)"]
[Site "masterchessopen.com Stuttgart (Germany)"]
[Date "2010.11.20"]
[Round "6"]
[White "Borgmeyer Max (GER)"]
[Black "Schulz Jens (GER)"]
[Result "0-1"]
[WhiteElo "2170"]
[BlackElo "2173"]

1.e4 c5 2.Nf3 d6 3.d4 cxd4 4.Nxd4 Nf6 5.Nc3 Nc6 6.Bg5 e6 7.Qd2 a6 8.O-O-O Bd7
9.f3 Be7 10.h4 h6 11.Be3 h5 12.Bg5 Ne5 13.f4 Neg4 14.Re1 b5 15.a3 Qc7 16.e5
dxe5 17.fxe5 Nxe5 18.Qe3 Neg4 19.Qf3 Rc8 20.Bd3 Ne5 21.Qe2 Nxd3+ 22.Qxd3 Qc4
23.Kd2 b4 24.axb4 Bxb4 25.Nf5 Qxd3+ 26.Kxd3 O-O 27.Bxf6 gxf6 28.Ng3 Bb5+ {#R}
0-1

[Event "Ch Pan-American Continental"]
[Site "masterchessopen.com Cali (Colombia)"]
[Date "2010.11.22"]
[Round "9"]
[White "Morales Jhon Alexander (COL)"]
[Black "Gallego Andres (COL)"]
[Result "1-0"]
[WhiteElo "2309"]
[BlackElo "2384"]

1.e4 c5 2.Nf3 Nc6 3.d4 cxd4 4.Nxd4 Nf6 5.Nc3 d6 6.Bg5 e6 7.Qd2 a6 8.O-O-O Bd7
9.f4 h6 10.Bh4 g5 11.fxg5 Ng4 12.Nf3 Be7 13.g3 Qb6 14.g6 fxg6 15.Bxe7 Nxe7
16.Qxd6 Qxd6 17.Rxd6 Rf8 18.Be2 Nc8 19.Rd4 Bc6 20.h3 e5 21.Rc4 Ne3 22.Rxc6
bxc6 23.b3 {#r} 1-0

[Event "It (open)"]
[Site "masterchessopen.com London (England)"]
[Date "2010.12.15"]
[Round "9"]
[White "Thorhallsson Throstur (ISL)"]
[Black "Gupta Abhijeet (IND)"]
[Result "1-0"]
[WhiteElo "2381"]
[BlackElo "2595"]

1.e4 c5 2.Nf3 d6 3.d4 cxd4 4.Nxd4 Nf6 5.Nc3 Nc6 6.Bg5 e6 7.Qd2 a6 8.O-O-O Bd7
9.f4 b5 10.Bxf6 gxf6 11.Kb1 Qb6 12.Nxc6 Bxc6 13.f5 b4 14.Ne2 e5 15.Ng3 h5
16.h4 Qc5 17.Bd3 Ke7 18.Qe2 Bh6 19.Nxh5 Qe3 20.Qf1 a5 21.g4 a4 22.g5 a3 23.Qg1
Qxg1 24.Rdxg1 Bf8 25.Nxf6 axb2 26.Kxb2 Kd8 27.Bc4 d5 28.Bxd5 Bxd5 {#r} 1-0

[Event "It \"]
[Site "masterchessopen.com Barcelona (Spain)"]
[Date "2010.12.28"]
[Round "3"]
[White "Forsberg Conde Martin (ESP)"]
[Black "Gonzalez Raul Omar (ESP)"]
[Result "0-1"]
[WhiteElo "1981"]
[BlackElo "2279"]

1.e4 c5 2.Nf3 e6 3.d4 cxd4 4.Nxd4 Nf6 5.Nc3 d6 6.Bg5 a6 7.Qd2 Nc6 8.O-O-O Bd7
9.f3 b5 10.Nxc6 Bxc6 11.Ne2 Be7 12.h4 Rc8 13.Nd4 Bd7 14.Be2 Qc7 15.g4 O-O
16.h5 e5 17.Bxf6 Bxf6 18.g5 Be7 19.Kb1 exd4 20.Qxd4 Qxc2+ 21.Ka1 Qc5 {#R} 0-1

[Event "It (open) \"]
[Site "masterchessopen.com Caleta (England)"]
[Date "2011.01.29"]
[Round "5"]
[White "Edouard Romain (FRA)"]
[Black "Thomassen Joachim (NOR)"]
[Result "1-0"]
[WhiteElo "2608"]
[BlackElo "2400"]

1.e4 c5 2.Nf3 d6 3.d4 cxd4 4.Nxd4 Nf6 5.Nc3 Nc6 6.Bg5 e6 7.Qd2 a6 8.O-O-O Bd7
9.f4 h6 10.Bh4 g5 11.fxg5 Ng4 12.Nf3 hxg5 13.Bg3 Nce5 14.Nd4 Nc6 15.Nxc6 Bxc6
16.Qe2 Nh6 17.Bxd6 Bxd6 18.e5 Qa5 19.Rxd6 Nf5 20.Rd3 b5 21.Ne4 Rh4 22.g4 Rxg4
23.Nf6+ Kf8 24.Qxg4 Qe1+ 25.Rd1 Qe3+ 26.Kb1 Bxh1 27.Qh5 Bc6 28.Bg2 {#r} 1-0

[Event "It (open) \"]
[Site "masterchessopen.com Caleta (England)"]
[Round "7"]
[White "Vallejo Pons Francisco (ESP)"]
[Black "Thomassen Joachim (NOR)"]
[Result "1-0"]
[WhiteElo "2716"]
[BlackElo "2400"]

1.e4 c5 2.Nc3 Nc6 3.Nf3 d6 4.d4 cxd4 5.Nxd4 Nf6 6.Bg5 e6 7.Qd2 a6 8.O-O-O Bd7
9.f4 h6 10.Bh4 g5 11.fxg5 Ng4 12.Be2 Nge5 13.Nf3 Be7 14.Rhg1 b5 15.Kb1 b4
16.Na4 Qa5 17.b3 O-O-O 18.Bf2 Nxf3 19.gxf3 hxg5 20.Nb6+ {#r} 1-0

[Event "Ch Poltava Region (open)"]
[Site "masterchessopen.com Lubny (Ukraine)"]
[Date "2011.02.23"]
[Round "7"]
[White "Malimonenko Yury (UKR)"]
[Black "Solovchuk Alexey (UKR)"]
[Result "1-0"]
[WhiteElo "2349"]
[BlackElo "2396"]

1.e4 c5 2.Nf3 d6 3.d4 cxd4 4.Nxd4 Nf6 5.Nc3 Nc6 6.Bg5 e6 7.Qd2 a6 8.O-O-O Bd7
9.f4 h6 10.Bh4 g5 11.fxg5 Ng4 12.Nf3 hxg5 13.Bg3 Be7 14.Be2 Nge5 15.Kb1 f6
16.h4 gxh4 17.Nxh4 Qa5 18.Nf5 Rxh1 19.Rxh1 exf5 20.Rh8+ Bf8 21.Bxe5 Nxe5
22.Qxd6 Ng6 23.Rxf8+ Nxf8 24.Bh5+ {#r} 1-0

[Event "Ch Poland (juniors) (under 18)"]
[Site "masterchessopen.com Murzasichle (Poland)"]
[Date "2011.03.07"]
[Round "3"]
[White "Brzezinski Mateusz (POL)"]
[Black "Siwiec Arkadiusz (POL)"]
[Result "0-1"]
[WhiteElo "2017"]
[BlackElo "2160"]

1.e4 c5 2.Nf3 d6 3.d4 cxd4 4.Nxd4 Nf6 5.Nc3 Nc6 6.Bg5 e6 7.Qd2 a6 8.O-O-O Bd7
9.f3 b5 10.h4 h6 11.Be3 h5 12.Bg5 Ne5 13.f4 Neg4 14.Qe1 Qa5 15.Rh3 b4 16.Nb3
Qb6 17.Nd5 exd5 18.e5 dxe5 19.fxe5 Ne4 20.Rxd5 Nxg5 21.hxg5 Be7 {#R} 0-1

[Event "Ch Poland (juniors) (under 18)"]
[Site "masterchessopen.com Murzasichle (Poland)"]
[Date "2011.03.10"]
[Round "7"]
[White "Siwiec Arkadiusz (POL)"]
[Black "Bednarczyk Damian (POL)"]
[Result "1-0"]
[WhiteElo "2160"]
[BlackElo "1994"]

1.e4 c5 2.Nf3 Nc6 3.d4 cxd4 4.Nxd4 Nf6 5.Nc3 d6 6.Bg5 e6 7.Qd2 a6 8.O-O-O Bd7
9.f4 b5 10.Bxf6 gxf6 11.Kb1 Qb6 12.Nxc6 Bxc6 13.f5 b4 14.Ne2 e5 15.Ng3 h5
16.h4 Qc5 17.Bd3 Bh6 18.Qe2 Ke7 19.Nxh5 a5 20.g4 Qe3 21.Nxf6 Kxf6 22.g5+ Bxg5
23.hxg5+ Qxg5 24.Rhg1 Qh5 25.Qe3 Ke7 26.Qb6 Kd7 27.Bb5 Bxb5 28.Qxd6+ {#r} 1-0

[Event "It \"]
[Site "masterchessopen.com Barcelona (Spain)"]
[Round "1"]
[White "Cruz Maydana Rodrigo (ESP)"]
[Black "Martorell Aguado Joan (ESP)"]
[Result "0-1"]
[WhiteElo "1791"]
[BlackElo "2249"]

1.e4 c5 2.Nf3 d6 3.d4 cxd4 4.Nxd4 Nf6 5.Nc3 Nc6 6.Bg5 e6 7.Qd2 a6 8.O-O-O Bd7
9.f3 Rc8 10.Kb1 Be7 11.h4 b5 12.g4 h5 13.Bxf6 Bxf6 14.Nxc6 Rxc6 15.g5 Bxc3
16.bxc3 Qa5 17.Kb2 O-O 18.f4 g6 19.Bg2 Rfc8 20.Rh3 b4 21.cxb4 Rxc2+ 22.Qxc2
Rxc2+ 23.Kxc2 {#R} 0-1

[Event "It (open)"]
[Site "masterchessopen.com Zagreb (Croatia)"]
[Date "2011.04.11"]
[Round "1"]
[White "Zufic Miroslav (CRO)"]
[Black "Kozul Zdenko (CRO)"]
[Result "0-1"]
[WhiteElo "2409"]
[BlackElo "2541"]

1.e4 c5 2.Nf3 d6 3.d4 cxd4 4.Nxd4 Nf6 5.Nc3 Nc6 6.Bg5 e6 7.Qd2 a6 8.O-O-O Bd7
9.f3 b5 10.Kb1 Be7 11.Be3 Ne5 12.a3 Qc7 13.g4 O-O 14.g5 Nh5 15.f4 Nc4 16.Bxc4
Qxc4 17.Nde2 Rfc8 18.Ng3 g6 19.f5 Rab8 20.Nxh5 b4 21.Nd5 exd5 22.Bd4 bxa3
23.b3 gxh5 24.g6 Rxb3+ 25.cxb3 Qxb3+ 26.Ka1 Rc2 27.Qxc2 Qxc2 28.f6 Bd8
29.gxf7+ Kxf7 30.Rhg1 Bb6 {#R} 0-1

[Event "It \"]
[Site "masterchessopen.com Asuncion (Paraguay)"]
[Date "2011.04.20"]
[Round "5"]
[White "Zacarias M Ruben D (PAR)"]
[Black "Delgado Neuris (COL)"]
[Result "0-1"]
[WhiteElo "2182"]
[BlackElo "2569"]

1.e4 c5 2.Nf3 d6 3.d4 cxd4 4.Nxd4 Nf6 5.Nc3 Nc6 6.Bg5 e6 7.Qd2 a6 8.O-O-O Bd7
9.f3 Be7 10.h4 h6 11.Be3 h5 12.Kb1 Ne5 13.Bd3 b5 14.Nce2 Rc8 15.Nc1 Qc7 16.Bg5
Qb6 17.Be3 Qb7 18.Qe2 Nxd3 19.cxd3 e5 20.Nf5 Bxf5 21.exf5 Nd5 22.d4 b4 23.Ka1
Nxe3 24.Qxe3 exd4 25.Qxd4 O-O 26.Kb1 Bf6 27.Qe3 a5 28.g4 hxg4 29.fxg4 Qg2
30.Qe2 Rxc1+ {#R} 0-1

[Event "Memorial V.Dordzhiev (cat.8)"]
[Site "masterchessopen.com Elista (Russia)"]
[Date "2011.04.26"]
[Round "1"]
[White "Moroz Roman (RUS)"]
[Black "Erendzhenov Stanislav (RUS)"]
[Result "1-0"]
[WhiteElo "2374"]
[BlackElo "2269"]

1.e4 c5 2.Nf3 d6 3.Nc3 Nc6 4.d4 cxd4 5.Nxd4 Nf6 6.Bg5 e6 7.Qd2 a6 8.O-O-O Bd7
9.f4 h6 10.Bh4 Nxe4 11.Qe1 Nf6 12.Nf5 Qa5 13.Nxd6+ Bxd6 14.Rxd6 Qc7 15.Rd2 Ne7
16.Bxf6 gxf6 17.Ne4 Nd5 18.Rxd5 exd5 19.Nxf6+ Kf8 20.Qe5 Qxe5 21.Nxd7+ Kg7
22.Nxe5 Rhe8 23.Bd3 f6 24.Nf3 Kf7 25.Rd1 Rad8 26.Nd4 Re3 27.Nf5 {#r} 1-0

[Event "It (open)"]
[Site "masterchessopen.com Nakhchivan (Azerbaijan)"]
[Date "2011.04.26"]
[Round "4"]
[White "Filippov Anton (UZB)"]
[Black "Benidze Davit (GEO)"]
[Result "0-1"]
[WhiteElo "2606"]
[BlackElo "2516"]

1.e4 c5 2.Nf3 d6 3.d4 cxd4 4.Nxd4 Nf6 5.Nc3 Nc6 6.Bg5 e6 7.Qd2 a6 8.O-O-O Bd7
9.f4 h6 10.Bh4 Nxe4 11.Qe1 Nf6 12.Nf5 Qa5 13.Nxd6+ Bxd6 14.Rxd6 Qb4 15.Qd2
O-O-O 16.a3 Qa5 17.Bxf6 gxf6 18.Ne4 Qc7 19.Nxf6 Na5 20.Rd3 Bc6 21.Kb1 Bb5
22.Rxd8+ Rxd8 23.Bd3 Rd4 24.g3 Qd8 25.Rd1 Nc4 26.Qc3 Qxf6 27.a4 Bxa4 28.Rd2
Rxf4 {#R} 0-1

[Event "Cup Montenegro (team)"]
[Site "masterchessopen.com Tivat (Montenegro)"]
[Round "3"]
[White "Pavlovic Dejan (SRB)"]
[Black "Djukic Nikola (MNE)"]
[Result "0-1"]
[WhiteElo "2287"]
[BlackElo "2493"]

1.e4 c5 2.Nf3 Nc6 3.d4 cxd4 4.Nxd4 Nf6 5.Nc3 d6 6.Bg5 e6 7.Qd2 a6 8.O-O-O Bd7
9.f4 h6 10.Bxf6 Qxf6 11.Nf3 Qd8 12.Kb1 Qc7 13.Qe3 Be7 14.Be2 O-O-O 15.Na4 Kb8
16.Nb6 d5 17.exd5 Nb4 18.Nxd7+ Rxd7 19.Qb3 Nxd5 20.Bxa6 Rhd8 21.Rde1 Nxf4
22.g3 Qa5 23.Rc1 Qxa6 24.gxf4 Rd6 25.Qe3 f6 26.Rce1 g5 27.h3 Qa5 28.fxg5 hxg5
29.a3 e5 30.Qe2 Rb6 {#R} 0-1

[Event "It (open)"]
[Site "masterchessopen.com Miedzyzdroje (Poland)"]
[Date "2011.05.05"]
[Round "7"]
[White "Jacek Krystian (POL)"]
[Black "Galazewski Tomasz (POL)"]
[Result "1-0"]
[WhiteElo "2119"]
[BlackElo "2255"]

1.e4 c5 2.Nf3 d6 3.d4 cxd4 4.Nxd4 Nf6 5.Nc3 Nc6 6.Bg5 e6 7.Qd2 a6 8.O-O-O Bd7
9.f4 h6 10.Bh4 g5 11.fxg5 Ng4 12.Nxc6 Bxc6 13.Be2 Ne5 14.g3 Ng6 15.Kb1 Be7
16.gxh6 Nxh4 17.gxh4 Bf8 18.h5 Qa5 19.Rhg1 O-O-O 20.Qf4 Rh7 21.Rg8 Bxh6 22.Qg4
Be8 23.Nd5 f5 24.Qh3 Bd7 25.b4 exd5 26.bxa5 Rxg8 27.exf5 Bg7 28.Rg1 d4 29.Rd1
Bh6 {#r} 1-0

[Event "Memorial J.Capablanca (open) (a)"]
[Site "masterchessopen.com Habana (Cuba)"]
[Date "2011.05.11"]
[Round "1"]
[White "Perez Luis Manuel (CUB)"]
[Black "Hernandez Ramon (CUB)"]
[Result "1-0"]
[WhiteElo "2479"]
[BlackElo "2277"]

1.e4 c5 2.Nf3 Nc6 3.Nc3 d6 4.d4 cxd4 5.Nxd4 Nf6 6.Bg5 e6 7.Qd2 a6 8.O-O-O Bd7
9.f4 h6 10.Bh4 g5 11.fxg5 Ng4 12.Nxc6 Bxc6 13.Be2 Ne5 14.g3 Ng6 15.Rhf1 Be7
16.gxh6 Nxh4 17.gxh4 Bf8 18.Kb1 Qxh4 19.Qd4 Rxh6 20.Rf2 Rh7 21.Rdf1 Bg7
22.Qxd6 Bxc3 23.bxc3 Rd8 24.Qc5 Qxe4 25.Bd3 Rxd3 26.cxd3 Qxd3+ 27.Ka1 f5
28.Rg1 Kf7 29.Qe5 Qd5 30.Qg3 Ke7 31.Qg5+ {#r} 1-0

[Event "Ch Europe (w)"]
[Site "masterchessopen.com Tbilisi (Georgia)"]
[Date "2011.05.12"]
[Round "6"]
[White "Choladze Mariam (GEO)"]
[Black "Novkovic Julia (AUT)"]
[Result "1-0"]
[WhiteElo "1860"]
[BlackElo "2053"]

1.e4 c5 2.Nf3 Nc6 3.d4 cxd4 4.Nxd4 Nf6 5.Nc3 d6 6.Bg5 e6 7.Qd2 a6 8.O-O-O Bd7
9.f4 b5 10.Bxf6 gxf6 11.f5 Ne5 12.Kb1 Qb6 13.fxe6 fxe6 14.Qf4 Be7 15.Be2 Ng6
16.Bh5 e5 17.Qh6 O-O-O 18.Nd5 Qb7 19.Bxg6 Bf8 20.Qh4 exd4 21.Qxf6 Rg8 22.Bxh7
Rxg2 23.Qxd4 Bg7 24.Nb6+ Kb8 25.Qxd6+ Ka7 26.Nxd7 Rc8 27.e5 Rc4 28.b3 Rh4
29.Qc5+ Ka8 30.Nb6+ Ka7 31.Nc4+ {#r} 1-0

[Event "Ch Uzbekistan"]
[Site "masterchessopen.com Tashkent (Uzbekistan)"]
[Date "2011.05.22"]
[Round "2"]
[White "Dzhumaev Marat (UZB)"]
[Black "Faizulaev Akmal (UZB)"]
[Result "1-0"]
[WhiteElo "2492"]
[BlackElo "2325"]

1.e4 c5 2.Nf3 d6 3.d4 cxd4 4.Nxd4 Nf6 5.Nc3 Nc6 6.Bg5 e6 7.Qd2 a6 8.O-O-O Bd7
9.f4 b5 10.Bxf6 gxf6 11.Nf3 Qa5 12.Kb1 b4 13.Ne2 Qc5 14.Ng3 Be7 15.Be2 O-O-O
16.Bxa6+ Kc7 17.Qe2 Ra8 18.Bc4 Na5 19.Nd2 Rhc8 20.Ba6 Rcb8 21.Bd3 Qa7 22.Rhe1
Nc6 23.Bc4 Na5 24.Nb3 Nxc4 25.Qxc4+ Kd8 26.Nc1 Ke8 27.Qd4 Qa5 28.e5 fxe5
29.fxe5 b3 30.cxb3 {#r} 1-0

[Event "It (cat.4)"]
[Site "masterchessopen.com Stroebeck (Germany)"]
[Date "2011.05.26"]
[Round "7"]
[White "Schoene Maria (GER)"]
[Black "Nuri Kambez (SUI)"]
[Result "1-0"]
[WhiteElo "2186"]
[BlackElo "2309"]

1.e4 c5 2.Nf3 Nc6 3.d4 cxd4 4.Nxd4 Nf6 5.Nc3 d6 6.Bg5 e6 7.Qd2 a6 8.O-O-O Bd7
9.f3 Be7 10.h4 h6 11.Be3 h5 12.Kb1 Ne5 13.g4 hxg4 14.f4 Nc6 15.Be2 b5 16.a3
Qc7 17.Rdg1 Na5 18.Qe1 Nc4 19.Bxc4 bxc4 20.Bc1 Rb8 21.e5 dxe5 22.fxe5 Nd5
23.Nxd5 exd5 24.e6 fxe6 25.Nxe6 Qb6 26.Nf4 Qd6 27.h5 Kd8 28.Ng6 Qxa3 29.Rg3
{#r} 1-0

[Event "Ch Turkey (team)"]
[Site "masterchessopen.com Konya (Turkey)"]
[Date "2011.07.08"]
[Round "12"]
[White "Benzetsel Ekim (TUR)"]
[Black "Hasbay Erim (TUR)"]
[Result "0-1"]
[WhiteElo "1775"]
[BlackElo "1765"]

1.e4 c5 2.Nf3 d6 3.d4 cxd4 4.Nxd4 Nf6 5.Nc3 Nc6 6.Bg5 e6 7.Qd2 a6 8.O-O-O Bd7
9.f3 Qa5 10.Bxf6 gxf6 11.Kb1 b5 12.g3 Rc8 13.Nxc6 Rxc6 14.Bh3 Bg7 15.Qf4 Qc7
16.Rhe1 O-O 17.Rd2 Rc8 18.Ree2 f5 19.exf5 Rxc3 20.f6 Bxf6 21.Qxf6 Rc4 22.Bg4
Qc5 23.b3 Rc3 24.h4 h5 25.Bh3 a5 26.Rg2 a4 27.g4 axb3 28.Qh6 bxc2+ 29.Rxc2
Rxc2 {#R} 0-1

[Event "It (open) (b)"]
[Site "masterchessopen.com Amsterdam (Netherlands)"]
[Date "2011.07.10"]
[Round "2"]
[White "Vlugt F (NED)"]
[Black "Breedveld Andre (NED)"]
[Result "1-0"]
[WhiteElo "1998"]
[BlackElo "2099"]

1.e4 c5 2.Nf3 Nc6 3.d4 cxd4 4.Nxd4 Nf6 5.Nc3 d6 6.Bg5 e6 7.Qd2 a6 8.O-O-O Bd7
9.f4 b5 10.Nxc6 Bxc6 11.Bd3 b4 12.Ne2 Qb6 13.Bxf6 gxf6 14.Rhf1 h5 15.Kb1 Qc5
16.Nc1 a5 17.Qf2 d5 18.Qe2 a4 19.exd5 Bxd5 20.Be4 Bxe4 21.Qxe4 Rc8 22.f5 e5
23.Rd5 Qc7 24.Rfd1 a3 25.Qd3 Be7 26.Rd7 Qc6 27.Nb3 e4 28.Qe2 {#r} 1-0

[Event "It (open)"]
[Site "masterchessopen.com Leiden (Netherlands)"]
[Date "2011.07.12"]
[Round "5"]
[White "Padurariu Ioana-Smaranda (ROM)"]
[Black "Slingerland Fred (NED)"]
[Result "1-0"]
[WhiteElo "2211"]
[BlackElo "2379"]

1.e4 c5 2.Nf3 Nc6 3.d4 cxd4 4.Nxd4 Nf6 5.Nc3 d6 6.Bg5 e6 7.Qd2 a6 8.O-O-O Bd7
9.f3 b5 10.Kb1 Be7 11.h4 Ne5 12.Bd3 h6 13.Be3 b4 14.Nce2 d5 15.exd5 Nxd5
16.Bf2 Nxd3 17.Qxd3 Qa5 18.Nf5 Bb5 19.Nxg7+ Kf8 20.Qd4 Bf6 21.Nxe6+ fxe6
22.Qc5+ Kg7 23.Nd4 Rae8 24.Rhe1 Bxd4 25.Bxd4+ Kf7 26.Bxh8 Rxh8 27.Rxd5 exd5
28.Re7+ {#r} 1-0

[Event "It (open)"]
[Site "masterchessopen.com Biel (Switzerland)"]
[Date "2011.07.19"]
[Round "2"]
[White "Mencinger Vojko (SLO)"]
[Black "Edouard Romain (FRA)"]
[Result "0-1"]
[WhiteElo "2379"]
[BlackElo "2608"]

1.e4 c5 2.Nf3 d6 3.d4 cxd4 4.Nxd4 Nf6 5.Nc3 Nc6 6.Bg5 e6 7.Qd2 a6 8.O-O-O Bd7
9.f3 Be7 10.Kb1 b5 11.h4 h6 12.Bxf6 Bxf6 13.Nxc6 Bxc6 14.Qxd6 Qxd6 15.Rxd6 Rc8
16.Rd1 Ke7 17.Ne2 Rcd8 18.Re1 Be5 19.Kc1 b4 20.g3 Ba4 21.Nf4 g5 22.Nh5 Rc8
23.Bd3 Rhd8 24.Kb1 Rxd3 25.cxd3 Rc2 26.b3 Rb2+ 27.Kc1 Bb5 28.Rd1 Bc3 29.hxg5
Rxa2 30.gxh6 Ba4 {#R} 0-1

[Event "It (open)"]
[Site "masterchessopen.com Paleochora (Greece)"]
[Date "2011.07.27"]
[Round "9"]
[White "Sandalakis Angelos (GRE)"]
[Black "Zubarev Alexander (UKR)"]
[Result "0-1"]
[WhiteElo "2391"]
[BlackElo "2608"]

1.e4 c5 2.Nf3 Nc6 3.d4 cxd4 4.Nxd4 Nf6 5.Nc3 d6 6.Bg5 e6 7.Qd2 a6 8.O-O-O Bd7
9.f3 Be7 10.h4 Rc8 11.Nxc6 Bxc6 12.Bf4 d5 13.exd5 Nxd5 14.Nxd5 Bxd5 15.Be5 f6
16.Bc3 Bxa2 17.Bd3 Bd5 18.h5 O-O 19.h6 g6 20.f4 Qb6 21.f5 Rxc3 22.fxe6 Ra3
{#R} 0-1

[Event "It (open)"]
[Site "masterchessopen.com Vlissingen (Netherlands)"]
[Date "2011.08.01"]
[Round "4"]
[White "Beijerinck Nick (NED)"]
[Black "Bus Tom (NED)"]
[Result "1-0"]
[WhiteElo "2067"]
[BlackElo "2186"]

1.e4 c5 2.Nf3 Nc6 3.d4 cxd4 4.Nxd4 Nf6 5.Nc3 d6 6.Bg5 e6 7.Qd2 a6 8.O-O-O Bd7
9.f4 h6 10.Bxf6 Qxf6 11.Qe3 Nxd4 12.Rxd4 Qd8 13.h4 Qa5 14.Be2 b5 15.Rhd1 Bc6
16.f5 e5 17.Rxd6 Bxd6 18.Rxd6 b4 19.Rxc6 bxc3 20.Rxc3 O-O 21.Qc5 Qd8 22.Qxe5
Qxh4 23.Rg3 Qh1+ 24.Kd2 Rad8+ 25.Bd3 f6 26.Qe7 {#r} 1-0

[Event "It \"]
[Site "masterchessopen.com Olomouc (Czech Republic)"]
[Date "2011.08.06"]
[Round "4"]
[White "Krivoborodov Egor (RUS)"]
[Black "Andreev Eduard (UKR)"]
[Result "0-1"]
[WhiteElo "2505"]
[BlackElo "2478"]

1.e4 c5 2.Nf3 d6 3.d4 cxd4 4.Nxd4 Nf6 5.Nc3 Nc6 6.Bg5 e6 7.Qd2 a6 8.O-O-O Bd7
9.f4 h6 10.Bh4 g5 11.fxg5 Ng4 12.Be2 Nge5 13.Nxc6 Bxc6 14.g3 Ng6 15.Kb1 h5
16.Rhf1 Qb6 17.Rf3 Rd8 18.Rdf1 Rd7 19.Bc4 Bg7 20.Bb3 Qd4 21.Rd3 Qe5 22.Rd1 O-O
23.Rxd6 Rfd8 24.Rd3 b5 25.a3 a5 26.Qe2 b4 27.Rxd7 Bxd7 28.Ba4 bxc3 29.Rxd7
Rxd7 30.Bxd7 cxb2 31.Ka2 b1=Q+ {#R} 0-1

[Event "Memorial M.Vidmar"]
[Site "masterchessopen.com Ljubljana (Slovenia)"]
[Date "2011.08.08"]
[Round "3"]
[White "Mazi Leon (SLO)"]
[Black "Kokol Peter (SLO)"]
[Result "1-0"]
[WhiteElo "2352"]
[BlackElo "2268"]

1.e4 c5 2.Nf3 d6 3.d4 cxd4 4.Nxd4 Nf6 5.Nc3 Nc6 6.Bg5 e6 7.Qd2 a6 8.O-O-O Bd7
9.f4 b5 10.Bxf6 gxf6 11.Kb1 Qb6 12.Nce2 h5 13.h4 Rc8 14.Rh3 Na5 15.b3 b4
16.Rd3 Nb7 17.Ng3 a5 18.Be2 Rc5 19.Bf3 a4 20.Nde2 Na5 21.e5 fxe5 22.Ne4 d5
23.Nf6+ Ke7 24.Nxd7 Kxd7 25.Bxd5 Be7 26.Bf3+ Kc8 27.fxe5 Rd8 28.Qf4 Qc7
29.Qxf7 Rxd3 30.Rxd3 Rxc2 31.Qe8+ {#r} 1-0

[Event "It (open)"]
[Site "masterchessopen.com Figueres (Spain)"]
[Date "2011.08.13"]
[Round "3"]
[White "Aroshidze Levan (GEO)"]
[Black "Lillo Castan Victor (ESP)"]
[Result "1-0"]
[WhiteElo "2578"]
[BlackElo "2286"]

1.e4 c5 2.Nf3 d6 3.d4 cxd4 4.Nxd4 Nf6 5.Nc3 Nc6 6.Bg5 e6 7.Qd2 a6 8.O-O-O Bd7
9.f4 b5 10.Bxf6 gxf6 11.Nxc6 Bxc6 12.f5 Qb6 13.Kb1 b4 14.Ne2 e5 15.Ng3 h5
16.h4 Qc5 17.Bd3 a5 18.Qe2 a4 19.Bc4 Ke7 20.b3 a3 21.Nxh5 Bh6 22.Rh3 Rad8
23.Rhd3 Bb5 24.Bxb5 Qxb5 25.Nxf6 {#r} 1-0

[Event "Ch Europe (for the Blind)"]
[Site "masterchessopen.com Rhodes (Greece)"]
[Date "2011.09.11"]
[Round "6"]
[White "Pribeanu Dacian (ROM)"]
[Black "Dukaczewski Piotr (POL)"]
[Result "0-1"]
[WhiteElo "2206"]
[BlackElo "2290"]

1.e4 c5 2.Nf3 Nc6 3.d4 cxd4 4.Nxd4 Nf6 5.Nc3 d6 6.Bg5 e6 7.Qd2 a6 8.O-O-O Bd7
9.f3 Be7 10.h4 h6 11.Be3 h5 12.Kb1 Ne5 13.Bg5 b5 {#R} 0-1

[Event "It (open)"]
[Site "masterchessopen.com Tatranske Zruby (Slovakia)"]
[Date "2011.09.27"]
[Round "3"]
[White "Kriebel Tadeas (CZE)"]
[Black "Vesselovsky Serguei (CZE)"]
[Result "1-0"]
[WhiteElo "2339"]
[BlackElo "2362"]

1.e4 c5 2.Nf3 d6 3.d4 cxd4 4.Nxd4 Nf6 5.Nc3 Nc6 6.Bg5 e6 7.Qd2 a6 8.O-O-O Bd7
9.f3 Be7 10.Kb1 Rc8 11.Nxc6 Bxc6 12.h4 b5 13.Bd3 Bb7 14.a3 h6 15.Be3 d5 16.e5
Nd7 17.f4 Bxh4 18.Bd4 Nc5 19.g4 Be7 20.f5 Bg5 21.Qf2 Qe7 22.b4 Ne4 23.Bxe4
dxe4 24.Rh3 O-O 25.f6 gxf6 26.exf6 Qc7 27.Rxh6 Bxh6 28.g5 Rfd8 29.gxh6 Kh7
30.Rg1 Rxd4 31.Qg2 {#r} 1-0